000 00391 a2200121 4500
001 ART_6786
005 20260410161719.0
008 260409a
245 1 0 _aReplanteo del informe de auditoría sobre los estados financieros
100 1 _aCasal, Armando Miguel
700 1 _aWainstein, Mario
773 0 _tContabilidad y auditoría
_g- Año 1, Nº 1 (dic. 1995)
_wREV1723
999 _c16805
_d16805